书目信息 |
| 题名: |
中日“美辞”关联考论
|
|
| 作者: | 王向远 著 | |
| 分册: | ||
| 出版信息: | 北京 光明日报出版社 2019 |
|
| 页数: | 349页 | |
| 开本: | 24cm | |
| 丛书名: | 博士生导师学术文库 | |
| 单 册: | ||
| 中图分类: | I206 , I313.06 | |
| 科图分类: | ||
| 主题词: | 比较文学--文学研究--中国--日本 | |
| 电子资源: | ||
| ISBN: | 978-7-5194-5264-3 | |
| 000 | 01216nam0 2200277 450 | |
| 001 | 2360828900 | |
| 005 | 20231103165405.77 | |
| 010 | @a978-7-5194-5264-3@b精装@dCNY98.00 | |
| 100 | @a20191227d2019 em y0chiy50 ea | |
| 101 | 0 | @achi |
| 102 | @aCN@b110000 | |
| 105 | @ay z 000yy | |
| 200 | 1 | @a中日“美辞”关联考论@9zhong ri“mei ci”guan lian kao lun@e比较语义学试案@f王向远著 |
| 210 | @a北京@c光明日报出版社@d2019 | |
| 215 | @a349页@d24cm | |
| 225 | 1 | @a博士生导师学术文库 |
| 300 | @a光明版 国家社科基金一般项目“中日古代文论范畴关联考论”最终成果 | |
| 330 | @a本书在中日古代美学与文论文献中提炼选取了十八组美辞,包括文、道、心、气、诚、情·人情、理·理窟、慰、幽玄、物哀·感物、物纷、寂、侘、俳谐等,运用比较语义学方法,以考(文献学上的考据、考证)为基础,以论(理论分析与建构)为旨归,揭示中日美辞在各层面上的复杂关联与民族特性,并有助于建构作为区域美学的东亚美学和东方美学。 | |
| 461 | 0 | @12001 @a博士生导师学术文库 |
| 517 | 1 | @a比较语义学试案@9bi jiao yu yi xue shi an |
| 606 | 0 | @a比较文学@x文学研究@y中国@y日本 |
| 690 | @aI206@v5 | |
| 690 | @aI313.06@v5 | |
| 701 | 0 | @a王向远@9wang xiang yuan@f(1962-)@4著 |
| 801 | 0 | @aCN@b大连网信软件有限公司图书馆·11@c20231103 |
| 905 | @aBZT@dI206@e192 | |
| 中日“美辞”关联考论:比较语义学试案/王向远著.-北京:光明日报出版社,2019 |
| 349页;24cm.-(博士生导师学术文库) |
| 光明版 国家社科基金一般项目“中日古代文论范畴关联考论”最终成果 |
| ISBN 978-7-5194-5264-3(精装):CNY98.00 |
| 本书在中日古代美学与文论文献中提炼选取了十八组美辞,包括文、道、心、气、诚、情·人情、理·理窟、慰、幽玄、物哀·感物、物纷、寂、侘、俳谐等,运用比较语义学方法,以考(文献学上的考据、考证)为基础,以论(理论分析与建构)为旨归,揭示中日美辞在各层面上的复杂关联与民族特性,并有助于建构作为区域美学的东亚美学和东方美学。 |
| ● |
| 相关链接 |
|
|
|
正题名:中日"美辞"关联考论
索取号:I206/192
 
预约/预借
| 序号 | 登录号 | 条形码 | 馆藏地/架位号 | 状态 | 备注 |
| 1 | 2000944545 | 2000944545 | 安徽、中教混合/安徽时代(第一批)/165/ [索取号:I206/192] | 在馆 | |
| 2 | 2000944546 | 2000944546 | 安徽、中教混合/安徽时代(第一批)/165/ [索取号:I206/192] | 在馆 | |
| 3 | 2000944547 | 2000944547 | 安徽、中教混合/安徽时代(第一批)/165/ [索取号:I206/192] | 在馆 | |
| 4 | 2000944548 | 2000944548 | 安徽、中教混合/安徽时代(第一批)/165/ [索取号:I206/192] | 在馆 | |
| 5 | 2000944549 | 2000944549 | 安徽、中教混合/安徽时代(第一批)/165/ [索取号:I206/192] | 在馆 | |
| 6 | 2000944550 | 2000944550 | 安徽、中教混合/安徽时代(第一批)/165/ [索取号:I206/192] | 在馆 |